Jak vytvořit etický kodex organizace
Požiadavky na etické chovanie firiem a zamestnancov zo strany zákazníkov, obchodných partnerov a širšieho spoločenského prostredia dlhodobo rastú. Tým sa zvyšuje aj význam etického kódexu organizácie ako riadiaceho nástroja a súčasti jej kultúry. Návrh postupu pri tvorbe etického kódexu.
Salvato in:
| Autore principale: | |
|---|---|
| Natura: | Capitolo di libro |
| Lingua: | ceco |
| Soggetti: | |
| Tags: |
Nessun Tag, puoi essere il primo ad aggiungerne!!
|
MARC
| LEADER | 00000naa a2200000 4500 | ||
|---|---|---|---|
| 001 | 0135753 | ||
| 005 | 20231019115630.8 | ||
| 041 | 0 | |a cze | |
| 044 | |a CZ | ||
| 245 | 1 | 0 | |a Jak vytvořit etický kodex organizace |c Jan Urban |
| 520 | |a Požiadavky na etické chovanie firiem a zamestnancov zo strany zákazníkov, obchodných partnerov a širšieho spoločenského prostredia dlhodobo rastú. Tým sa zvyšuje aj význam etického kódexu organizácie ako riadiaceho nástroja a súčasti jej kultúry. Návrh postupu pri tvorbe etického kódexu. | ||
| 610 | 2 | 0 | |a firmy |
| 610 | 2 | 0 | |a kódexy etické |
| 100 | 1 | |a Urban, Jan | |